Statistics for Car Logo Quiz

Click here to take the quiz!

General Stats

  • This quiz has been taken 43 times
  • The average score is 12 of 15

Answer Stats

Answer% Correct
audi
100%
mercedes
100%
Chevrolet
98%
lexus
98%
ferrari
95%
lamborghini
93%
mustang
93%
cadillac
85%
alfa romeo
78%
skoda
78%
volkswagen
75%
Bugatti
73%
citroen
73%
mclaren
55%
land rover
53%

Score Distribution

Percentile by Number Answered

Percent of People with Each Score

Your Score History

You have not taken this quiz